| 000 | 00697nam a22001697a 4500 | ||
|---|---|---|---|
| 003 | OSt | ||
| 005 | 20171010095447.0 | ||
| 008 | 120621t xxu||||| |||| 00| 0 eng d | ||
| 040 |
_aMMSU _cUlS |
||
| 100 |
_aAdriatico, Harold A., et al. _910539 |
||
| 245 |
_aInvestigation on the electrical utilization equipment in the different school buildings and offices of the Mariano Marcos State University (Batac and Laoag Campuses) _cHarold A. Adriatico, et al. |
||
| 260 | _c3411 | ||
| 300 |
_axi, [144] leaves _c28 cm. |
||
| 500 | _aThesis (BS Electrical Engineering) -- Mariano Marcos State University-College of Engineering, Batac City | ||
| 504 | _aBibliography: leaf 34 | ||
| 942 |
_2ddc _cTHEDIS |
||
| 999 |
_c9578 _d9578 |
||